00725nam a2200133Ia 4500008004100000020001800041100008900059245026600148260002700414650001300441856004500454999001900499952007300518171212s9999 xx 000 0 und d a9780833081025 aBaiocchi, Dave;Langeland, Krista S.;Fox, D. Steven;Buerkle, Amelia;Walters, Jennifer cBaiocchi, Dave;Langeland, Krista S.;Fox, D. Steven;Buerkle, Amelia;Walters, JenniferaIncreasing Flexibility and Agility at the National Reconnaissance OfficebLessons from Modular Design, Occupational Surprise, and Commercial Research and Development Processes bRAND Corporationc2013 aBusiness uwww.jstor.org/stable/10.7249/j.ctt4cgdr8 c352215d352215 001040aCLbCLd2017-12-12l0r2017-12-12 00:00:00w2017-12-12yCBE